000 01757cam a2200133 4500500
005 20260405085544.0
041 _afre
042 _adc
100 1 0 _aBadel, Laurence
_eauthor
245 0 0 _aÉcrire l'histoire des relations internationales : Genèses, concepts, perspectives
260 _bArmand Colin,
_c2024.
520 _aComment les relations internationales sont-elles devenues une discipline académique et quelles orientations ont-elles pris au fil du temps ? Quels sont les outils aujourd’hui disponibles pour comprendre les événements politiques et diplomatiques, du XIXe siècle à nos jours ?Cet ouvrage innovant établit l’idée que l’histoire des relations internationales ne doit pas être exclusivement centrée sur l’Etat, comme c’est encore souvent le cas. Pour en saisir toute la complexité, il est nécessaire d’adopter une lecture décentrée et désoccidentalisée, de mettre l’accent sur les acteurs de terrain (soldats, juristes, scientifiques, migrants…) et sur les « lieux » des relations internationales (institutions, infrastructures et espaces physiques et immatériels).En donnant à voir la diversification actuelle des approches de la scène internationale (histoire internationale, histoire transnationale, global history, etc.) et en proposant des clés méthodologiques originales (grands concepts de la discipline, objets classiques, renouvelés et nouveaux de la recherche), cet ouvrage permettra aux étudiants, chercheurs et acteurs de réfléchir à l’écriture de l’histoire des relations internationales dans une perspective globalisée.
856 4 1 _uhttps://shs.cairn.info/ecrire-l-histoire-des-relations-internationales--9782200630614?lang=fr&redirect-ssocas=7080
999 _c2198493
_d2198493